Liberdade de expressão e relações privadas / (Record no. 177)

MARC details
000 -LÍDER
Campo Fixo de Controle 00857cam a2200265 a 4500
001 - NÚMERO DE CONTROLE
Campo de Controle 177
003 - IDENTIFICAÇÃO DO NÚMERO DE CONTROLE
Campo de Controle BR-CuiBMT
005 - DATA E HORA DA ÚLTIMA ATUALIZAÇÃO
Campo de Controle 20231121201922.0
008 - DADOS FIXOS
Dados Fixos 230824s2021 mgb 000 0 por d
020 ## - INTERNATIONAL STANDARD BOOK NUMBER
Nº do ISBN 9786555181883
040 ## - AGÊNCIA CATALOGADORA
Código da Agência Catalogadora BR-CuiBMT
Agência que transcreveu o registro BR-CuiBMT
080 ## - Nº DA CLASSIFICAÇÃO DECIMAL UNIVERSAL
Nº edição CDU 2007
Nº Class. CDU 347.727
090 ## - NÚMERO DE CHAMADA
Nº classificação 347.727
Cutter L695
245 10 - TÍTULO PRINCIPAL
Título principal Liberdade de expressão e relações privadas /
Indicação de responsabilidade Marcos Ehrhardt Júnior, Fabíola Albuquerque Lobo, Gustavo Andrade, coordenadores.
260 ## - PUBLICAÇÃO, DISTRIBUIÇÃO, ETC.
Local de publicação Belo Horizonte :
Editora Fórum,
Data 2021.
300 ## - DESCRIÇÃO FÍSICA
N. páginas ou volumes 582 p. ;
Dimensões 22 cm
504 ## - NOTA DE BIBLIOGRAFIA, ETC.
Nota de bibliografia Inclui bibliografia.
650 ## - ASSUNTO TÓPICO
Cabeçalho tópico ou nome geográfico Direito constitucional
650 ## - ASSUNTO TÓPICO
Cabeçalho tópico ou nome geográfico Direito civil
650 ## - ASSUNTO TÓPICO
Cabeçalho tópico ou nome geográfico Liberdade de expressão
700 1# - ENTRADA SECUNDÁRIA -- NOME PESSOAL
Nome pessoal Ehrhardt Júnior, Marcos
Cód. do termo explicativo coord.
700 1# - ENTRADA SECUNDÁRIA -- NOME PESSOAL
Nome pessoal Lobo, Fabíola Albuquerque
Cód. do termo explicativo coord.
700 1# - ENTRADA SECUNDÁRIA -- NOME PESSOAL
Nome pessoal Andrade, Gustavo Henrique Baptista
Cód. do termo explicativo coord.
942 ## - ELEMENTOS DE ENTRADA ADICIONAIS (KOHA)
Fonte de classificação ou esquema de arquivamento Classificação Decimal Universal
Tipo de item do Koha Livros
Holdings
Estado: removido Estado: perdido Fonte de classificação ou esquema de arquivamento Estado: danificado Indisponível para empréstimo Localização permanente Localização atual Data de aquisição Total Checkouts Número de Chamada completo Código de barras Date last seen Número do exemplar Preço efetivo a partir de Tipo de item (Koha)
    Classificação Decimal Universal     Biblioteca da Escola Superior de Contas do TCE/MT Biblioteca da Escola Superior de Contas do TCE/MT 28/07/2023   342.727 L695 BIBTCEMT23080154 24/08/2023 Ex. 1 24/08/2023 Livros

Powered by Koha